000 02612cam a2200289 4500500
005 20251228061306.0
041 _afre
042 _adc
100 1 0 _aCamarade, Hélène
_eauthor
245 0 0 _aLes socialistes réformistes au sein de l’opposition en RDA (1949-1990)
260 _c2023.
500 _a46
520 _aCe texte replace les groupes et penseurs marxistes ou ceux relevant, plus largement, d’un socialisme réformiste dans l’ensemble des courants de l’opposition en RDA entre 1945 et 1990 et cherchent à mesurer leur impact. En procédant chronologiquement, il évoque la résistance, essentiellement antimarxiste des années 1940 et 1950, ainsi que les conflits au sein du SED lors du soulèvement du 17 juin 1953, puis l’émergence d’un courant réformiste à partir de 1956 qui évolue vers la dissidence chez certains (W. Harich, R. Havemann, W. Biermann, R. Bahro). À partir du printemps de Prague en 1968, puis de l’affaire Biermann en 1976, on assiste à un phénomène consistant à retourner les textes marxistes-léninistes contre le SED. Le mouvement citoyen qui se constitue à partir de 1976 compte quelques groupes d’inspiration marxiste qui se retrouvent, au moment de la révolution de 1989, sous la bannière de Gauche unie ( Vereinigte Linke).
520 _aThis text places Marxist groups and thinkers or, more broadly, reformist socialists in the context of all the currents of opposition in the GDR between 1945 and 1990 and seeks to measure their impact. Working chronologically, he discusses the essentially anti-Marxist resistance of the 1940s and 1950s, as well as the conflicts within the SED during the uprising of 17 June 1953, followed by the emergence of a reformist current from 1956 onwards, which evolved into dissidence for some (W. Harich, R. Havemann, W. Biermann, R. Bahro). After the Prague Spring in 1968 and the Biermann affair in 1976, Marxist-Leninist texts were turned against the SED. The citizens’ movement that emerged from 1976 onwards included a number of Marxist-inspired groups which, at the time of the 1989 revolution, came together under the banner of the United Left ( Vereinigte Linke).
690 _adissidences
690 _apensées critiques
690 _aRDA
690 _aSED
690 _asocialisme
690 _acritical thought
690 _aDissidence
690 _aGDR
690 _aSED
690 _aSocialism
786 0 _nActuel Marx | 74 | 2 | 2023-08-02 | p. 17-32 | 0994-4524
856 4 1 _uhttps://shs.cairn.info/revue-actuel-marx-2023-2-page-17?lang=fr&redirect-ssocas=7080
999 _c1587596
_d1587596